Statistics for All Saint Louis Neighborhoods

Click here to take the quiz!

General Stats

  • This quiz has been taken 24 times
  • The average score is 18 of 79

Answer Stats

#NeighborhoodPop.% Correct
54Clayton-Tamm2,251
53%
23Downtown4,886
53%
39Soulard3,440
53%
51The Hill2,443
47%
2Central West End14,471
41%
1Dutchtown15,770
35%
20Midtown5,652
35%
19O'Fallon5,791
35%
13Shaw6,811
35%
46St. Louis Place2,720
35%
14West End6,598
35%
35Benton Park3,532
29%
7Carondelet8,661
29%
32Holly Hills3,701
29%
49Hyde Park2,668
29%
28Mark Twain4,188
29%
69Mark Twain/I-701,295
29%
57Old North St. Louis1,916
29%
44Academy2,816
24%
26Benton Park West4,404
24%
4Bevo12,654
24%
72Botanical Heights1,037
24%
6Boulevard Heights8,708
24%
58College Hill1,871
24%
36DeBaliviere Place3,466
24%
61Fairgrounds1,793
24%
33Grand Center3,562
24%
22Gravois Park5,225
24%
16Greater Ville6,189
24%
41Hamilton Heights3,105
24%
79Kosciusko14
24%
56Lafayette Square2,078
24%
5Lindenwood Park9,486
24%
48Marine Villa2,691
24%
8Northampton7,892
24%
15Penrose6,387
24%
29Skinker DeBaliviere4,077
24%
10St. Louis Hills7,373
24%
37The Gate3,456
24%
3Tower Grove South13,333
24%
17Wells-Goodfellow5,895
24%
11Baden7,268
18%
45Carr Square2,774
18%
75Cheltenham620
18%
42Clifton Heights3,074
18%
59Columbus Square1,869
18%
67Compton Heights1,315
18%
31Downtown West3,940
18%
64Ellendale1,575
18%
43Forest Park Southeast2,918
18%
50Fox Park2,632
18%
52Franz Park2,442
18%
55Hi-Pointe2,196
18%
21Jeff-Vander-Lou5,557
18%
34Kingsway East3,542
18%
38Kingsway West3,441
18%
25Mount Pleasant4,408
18%
76Near North Riverfront553
18%
30North Pointe3,966
18%
74North Riverfront937
18%
47Patch2,695
18%
53Peabody-Darst-Webbe2,378
18%
9Princeton Heights7,619
18%
12Southampton6,904
18%
70The Tiffany1,060
18%
60The Ville1,868
18%
18Tower Grove East5,853
18%
62Vandeventer1,682
18%
27Walnut Park East4,219
18%
40Walnut Park West3,349
18%
78Kings Oak180
12%
68LaSalle Park1,299
12%
65McKinley Heights1,497
12%
77Riverview304
12%
24Southwest Garden4,885
12%
73Visitation Park960
12%
71Wydown Skinker1,054
12%
66Fountain Park1,484
6%
63Lewis Place1,676
6%

Score Distribution

Percentile by Number Answered

Percent of People with Each Score

Your Score History

You have not taken this quiz